[Event "Guatemala op"]
[Site "Guatemala City"]
[Date "2019.01.12"]
[Round "7"]
[White "Cuenca Jimenez, Jose Fernando"]
[Black "Gonzalez, Renier"]
[Result "1-0"]
[WhiteElo "2512"]
[BlackElo "2451"]
[PlyCount "65"]
[EventDate "2019.01.09"]
[EventType "swiss"]
[EventRounds "9"]
[EventCountry "GUA"]
[SourceTitle "CBM 188 Extra"]
[Source "ChessBase"]
[SourceDate "2019.02.26"]
[SourceVersion "1"]
[SourceVersionDate "2019.02.26"]
[SourceQuality "1"]

1. c4 c5 2. Nf3 Nf6 3. d4 cxd4 4. Nxd4 b6 5. f3 Bb7 6. e4 d6 7. Nc3 e6 8. Be3 a6 9. Qd2 Nbd7 10. Be2 Be7 11. 0-0 0-0 12. a4 Qc7 13. Rfc1 Rac8 14. a5 bxa5 15. Nb3 Qb8 16. Nxa5 Ba8 17. b4 Ne5 18. Rab1 Nc6 19. Na4 Nxa5 20. bxa5 Qc7 21. c5 d5 22. Bxa6 Rcd8 23. e5 d4 24. Bxd4 Nd7 25. Qc3 Nb8 26. Bb5 Nc6 27. Bxc6 Qxc6 28. Qc4 Bg5 29. Rc2 Qd7 30. Bf2 Qc7 31. c6 Qxe5 32. c7 Rc8 33. Nb6 1-0

[Event "Guatemala op"]
[Site "Guatemala City"]
[Date "2019.01.11"]
[Round "5"]
[White "Diaz, Hector"]
[Black "Gonzalez, Renier"]
[Result "0-1"]
[WhiteElo "2007"]
[BlackElo "2451"]
[PlyCount "132"]
[EventDate "2019.01.09"]
[EventType "swiss"]
[EventRounds "9"]
[EventCountry "GUA"]
[SourceTitle "CBM 188 Extra"]
[Source "ChessBase"]
[SourceDate "2019.02.26"]
[SourceVersion "1"]
[SourceVersionDate "2019.02.26"]
[SourceQuality "1"]

1. d4 g6 2. c4 Bg7 3. Nc3 d6 4. Nf3 e5 5. dxe5 dxe5 6. Qxd8+ Kxd8 7. Bg5+ f6 8. 0-0-0+ Nd7 9. Bh4 Ne7 10. e4 c6 11. Be2 Kc7 12. Kc2 Nc5 13. Rd2 Rd8 14. Rxd8 Kxd8 15. Rd1+ Kc7 16. h3 Ne6 17. Bg3 Bd7 18. Nd4 Nxd4+ 19. Rxd4 Re8 20. Rd1 Ng8 21. f3 Bf8 22. Bf2 Ra8 23. a3 Nh6 24. Be3 Nf7 25. Rd2 Nd8 26. Bf1 Ne6 27. Rd1 Bc5 28. Bxc5 Nxc5 29. b4 Ne6 30. Kb2 b6 31. b5 Nc5 32. bxc6 Bxc6 33. Nb5+ Bxb5 34. cxb5 Rd8 35. Rxd8 Kxd8 36. Bc4 Ke7 37. Kc3 h5 38. g3 g5 39. Kd2 h4 40. gxh4 gxh4 41. Ke3 Kf8 42. f4 Kg7 43. fxe5 fxe5 44. Kf3 Kf6 45. Bd5 Kg5 46. Bc4 Nb7 47. Bd5 Nc5 48. Ke3 Nd7 49. Be6 Nf6 50. Bf7 Kh6 51. Kd3 Kg7 52. Be6 Nh5 53. Bc8 Nf4+ 54. Kc4 Kf6 55. Bg4 Ng2 56. Kb4 Kg5 57. Bd7 Kf4 58. Bf5 Ne3 59. Bg6 Kg3 60. Bf5 Kf4 61. Bh7 Nd1 62. Kc4 Nf2 63. Kd5 Nxh3 64. Bf5 Nf2 65. Bh7 Nh3 66. Bf5 Nf2 0-1

[Event "Guatemala op"]
[Site "Guatemala City"]
[Date "2019.01.10"]
[Round "3"]
[White "Mareco, Sandro"]
[Black "Gonzalez, Renier"]
[Result "1-0"]
[WhiteElo "2661"]
[BlackElo "2451"]
[PlyCount "99"]
[EventDate "2019.01.09"]
[EventType "swiss"]
[EventRounds "9"]
[EventCountry "GUA"]
[SourceTitle "CBM 188 Extra"]
[Source "ChessBase"]
[SourceDate "2019.02.26"]
[SourceVersion "1"]
[SourceVersionDate "2019.02.26"]
[SourceQuality "1"]

1. Nf3 Nf6 2. c4 c6 3. g3 d5 4. Bg2 e6 5. b3 Nbd7 6. Bb2 Bd6 7. d4 b6 8. 0-0 Bb7 9. Nc3 0-0 10. Nd2 Re8 11. e4 dxe4 12. Ndxe4 Nxe4 13. Nxe4 Be7 14. Qc2 Nf6 15. Rad1 Rc8 16. Rfe1 Nxe4 17. Bxe4 g6 18. a3 Bf6 19. b4 Bg7 20. a4 Re7 21. Re3 Rd7 22. Red3 Qe7 23. Bc3 Rcd8 24. c5 Rc8 25. Qb3 Ba6 26. R3d2 b5 27. a5 Rcc7 28. Bb2 Bb7 29. Rd3 a6 30. Bc1 Rc8 31. Bf4 Rcd8 32. Qc3 Rd5 33. Bxd5 Rxd5 34. Be5 f6 35. Bd6 Qf7 36. Re1 Bc8 37. Rde3 h5 38. h4 Bh6 39. Re4 Qd7 40. Bf4 Bf8 41. Qe3 Kf7 42. Bh6 Be7 43. Qf4 Qb7 44. Qf3 Bd7 45. Be3 Kg7 46. Qf4 g5 47. hxg5 Rxg5 48. Qh4 Rd5 49. Re5 Be8 50. Rxe6 1-0

[Event "Guatemala op"]
[Site "Guatemala City"]
[Date "2019.01.09"]
[Round "2"]
[White "Gonzalez, Renier"]
[Black "Ramirez Marino, Richard Daniel"]
[Result "1-0"]
[WhiteElo "2451"]
[BlackElo "2080"]
[PlyCount "81"]
[EventDate "2019.01.09"]
[EventType "swiss"]
[EventRounds "9"]
[EventCountry "GUA"]
[SourceTitle "CBM 188 Extra"]
[Source "ChessBase"]
[SourceDate "2019.02.26"]
[SourceVersion "1"]
[SourceVersionDate "2019.02.26"]
[SourceQuality "1"]

1. d4 g6 2. Nf3 Bg7 3. g3 c5 4. Bg2 cxd4 5. Nxd4 Nc6 6. Nb3 Nf6 7. e4 0-0 8. Nc3 d6 9. h3 Be6 10. 0-0 a5 11. a4 Rc8 12. Nd5 Nb4 13. c3 Nbxd5 14. exd5 Bd7 15. Re1 Re8 16. Be3 Qc7 17. Bd4 Ra8 18. Qe2 e5 19. dxe6 Bxe6 20. Qd1 Bc4 21. Rxe8+ Rxe8 22. Nd2 Be6 23. Qf1 Bd7 24. Qc4 Bc6 25. b4 d5 26. Qd3 Bd7 27. bxa5 Qxa5 28. Nb3 Qc7 29. a5 Qc8 30. g4 Bc6 31. Rc1 Qe6 32. Nc5 Qe2 33. Qxe2 Rxe2 34. c4 Ne4 35. Bxg7 Kxg7 36. cxd5 Bxd5 37. Bf3 Nxc5 38. Bxe2 Nb3 39. Rc3 Be6 40. Rxb3 Bxb3 41. Bf3 1-0

[Event "PRO League Stage"]
[Site "Chess.com INT"]
[Date "2018.02.14"]
[Round "6"]
[White "Obregon, Carlos Andres"]
[Black "Gonzalez, Renier"]
[Result "1-0"]
[WhiteElo "2514"]
[BlackElo "2451"]
[PlyCount "149"]
[EventDate "2018.01.18"]
[EventType "team-swiss (rapid)"]
[EventRounds "9"]
[EventCountry "USA"]
[SourceTitle "CBM 182 Extra"]
[Source "ChessBase"]
[SourceDate "2018.02.23"]
[SourceVersion "1"]
[SourceVersionDate "2018.02.23"]
[SourceQuality "1"]
[WhiteTeam "Buenos Aires Krakens"]
[BlackTeam "Miami Champions"]
[WhiteTeamCountry "ARG"]
[BlackTeamCountry "USA"]

1. e4 g6 2. d4 Bg7 3. Nc3 c6 4. Be3 d5 5. e5 f6 6. f4 Nh6 7. Nf3 0-0 8. Be2 Bg4 9. h3 Bxf3 10. Bxf3 fxe5 11. dxe5 Nf5 12. Bf2 e6 13. 0-0 Nd7 14. Qd3 Qe7 15. Ne2 Kh8 16. Rae1 Nh4 17. Bg4 Nf5 18. g3 Rf7 19. h4 Nc5 20. Qa3 Ne4 21. Qxe7 Rxe7 22. h5 Nd2 23. hxg6 hxg6 24. Bc5 Nxf1 25. Bxe7 N1xg3 26. Nxg3 Nxe7 27. Bxe6 Rf8 28. Ne2 g5 29. Kg2 Kh7 30. Kg3 Bh6 31. f5 Nxf5+ 32. Bxf5+ Rxf5 33. Nd4 Rf8 34. e6 Bg7 35. e7 Re8 36. Nf5 Bf6 37. Kg4 Kg6 38. c3 c5 39. Re6 Kf7 40. Rd6 Bxe7 41. Rd7 Ke6 42. Rxb7 Bf6 43. Rxa7 d4 44. Ra6+ Ke5 45. cxd4+ cxd4 46. Nxd4 Kxd4 47. Rxf6 Rb8 48. Rf2 Rb5 49. b3 Kc3 50. Rf5 Rb4+ 51. Kxg5 Kb2 52. Rf2+ Ka3 53. Rf4 Rb8 54. Ra4+ Kb2 55. Kf4 Re8 56. b4 Kc3 57. a3 Kb3 58. Ra5 Kc4 59. Re5 Ra8 60. Re3 Kb5 61. Kf3 Ka4 62. Ke2 Rh8 63. Rd3 Rh2+ 64. Ke3 Rh3+ 65. Kd4 Rh4+ 66. Kc5 Rh5+ 67. Rd5 Rh3 68. b5 Rc3+ 69. Kb6 Kxa3 70. Rd4 Rb3 71. Ka6 Kb2 72. Rc4 Rh3 73. b6 Rh6 74. Ka7 Kb3 75. Rc1 1-0

[Event "PRO League KO Stage"]
[Site "Chess.com INT"]
[Date "2017.03.08"]
[Round "2"]
[White "Cuevas, Alex"]
[Black "Gonzalez, Renier"]
[Result "1/2-1/2"]
[WhiteElo "2288"]
[BlackElo "2451"]
[PlyCount "106"]
[EventDate "2017.03.01"]
[EventType "team-k.o. (rapid)"]
[EventRounds "5"]
[EventCountry "USA"]
[SourceTitle "CBM 177 Extra"]
[Source "ChessBase"]
[SourceDate "2017.04.27"]
[SourceVersion "1"]
[SourceVersionDate "2017.04.27"]
[SourceQuality "1"]
[WhiteTeam "Buenos Aires Krakens"]
[BlackTeam "Miami Champions"]
[WhiteTeamCountry "ARG"]
[BlackTeamCountry "USA"]

1. c4 Nf6 2. g3 d6 3. Bg2 g6 4. Nc3 Bg7 5. e3 0-0 6. Nge2 c5 7. 0-0 Nbd7 8. Rb1 Rb8 9. d3 a6 10. Qd2 b6 11. b3 Bb7 12. e4 e6 13. Bb2 Qe7 14. d4 cxd4 15. Nxd4 Rfd8 16. Rbd1 Nc5 17. Rfe1 Qc7 18. Qe2 Ba8 19. h3 Re8 20. Qd2 Rbd8 21. Qc1 Rc8 22. Qd2 Rcd8 23. Qc1 Qb8 24. Qc2 e5 25. Nf3 b5 26. cxb5 axb5 27. b4 Ne6 28. Qd3 Nc7 29. Qc2 d5 30. exd5 Nfxd5 31. a3 Nxc3 32. Rxd8 Rxd8 33. Qxc3 Nd5 34. Qb3 f6 35. Rd1 Kh8 36. Nxe5 fxe5 37. Bxd5 Qd6 38. Bf3 Qf8 39. Rxd8 Qxd8 40. Bxa8 Qxa8 41. Qe6 Qb8 42. Qe7 Kg8 43. f4 Qc8 44. Bxe5 Qc1+ 45. Kf2 Qd2+ 46. Kf3 Qd3+ 47. Kf2 Qd2+ 48. Kf3 Qd3+ 49. Kf2 Qd2+ 50. Kf3 Qd3+ 51. Kf2 Qd2+ 52. Kf3 Qd3+ 53. Kf2 Qd2+ 1/2-1/2

[Event "Bogota McGregor op 4th"]
[Site "Bogota"]
[Date "2013.12.08"]
[Round "7"]
[White "Gonzalez, Renier"]
[Black "Condori Aranya, Edwin"]
[Result "1-0"]
[WhiteElo "2472"]
[BlackElo "2157"]
[PlyCount "47"]
[EventDate "2013.12.04"]
[EventType "swiss"]
[EventRounds "9"]
[EventCountry "COL"]
[SourceTitle "CBM 157 Extra"]
[Source "ChessBase"]
[SourceDate "2013.12.19"]
[SourceVersion "1"]
[SourceVersionDate "2013.12.19"]
[SourceQuality "1"]

1. e4 c6 2. d3 d5 3. Nd2 e5 4. Ngf3 Bd6 5. d4 exd4 6. Nxd4 Nf6 7. exd5 Nxd5 8. Nc4 Bb4+ 9. Bd2 0-0 10. Be2 b5 11. Bxb4 Nxb4 12. Ne3 Nd5 13. Nxc6 Nxc6 14. Qxd5 Qxd5 15. Nxd5 Nd4 16. Bd3 Bb7 17. Ne3 f5 18. c3 f4 19. cxd4 fxe3 20. fxe3 Rae8 21. Ke2 Bxg2 22. Rhg1 Bf3+ 23. Kd2 Bd5 24. Rgf1 1-0

[Event "USA tt playoff"]
[Site "ICC INT"]
[Date "2013.11.20"]
[Round "3"]
[White "Charbonneau, Pascal"]
[Black "Gonzalez, Renier"]
[Result "0-1"]
[WhiteElo "2505"]
[BlackElo "2472"]
[PlyCount "94"]
[EventDate "2013.11.05"]
[EventType "team-k.o."]
[EventRounds "3"]
[EventCountry "USA"]
[SourceTitle "EXT 2015"]
[Source "ChessBase"]
[SourceDate "2014.11.20"]
[SourceVersion "1"]
[SourceVersionDate "2014.11.20"]
[SourceQuality "1"]
[WhiteTeam "New York"]
[BlackTeam "Miami"]
[WhiteTeamCountry "USA"]
[BlackTeamCountry "USA"]

1. e4 g6 2. d4 Bg7 3. Nc3 c6 4. Bc4 d6 5. Bb3 Nf6 6. Nf3 0-0 7. 0-0 Bg4 8. h3 Bxf3 9. Qxf3 e5 10. dxe5 dxe5 11. Bg5 h6 12. Be3 Qe7 13. Rfd1 Na6 14. Rd2 Rfd8 15. Rxd8+ Rxd8 16. Bxa7 Nc5 17. Qe3 Bf8 18. Bc4 Rd4 19. Bxc5 Qxc5 20. Bd3 Qa5 21. a3 Kg7 22. Qe1 Qa7 23. b4 Be7 24. Ne2 Rd7 25. Qc3 Nh7 26. g3 Ng5 27. Kg2 Ne6 28. Bc4 Nd4 29. Nc1 b5 30. Ba2 c5 31. Qb2 c4 32. c3 Ne6 33. a4 Bg5 34. Qe2 Qxa4 35. h4 Bd2 36. h5 g5 37. Rb1 Bxc3 38. Qf3 Bd2 39. Qf5 Bxc1 40. Qxe5+ Kg8 41. Rxc1 Qxa2 42. Ra1 Qd2 43. Ra6 c3 44. Rxe6 fxe6 45. Qxe6+ Rf7 46. Qe8+ Kg7 47. Qe5+ Kh7 0-1

[Event "USA tt playoff"]
[Site "ICC INT"]
[Date "2013.11.16"]
[Round "2"]
[White "Naroditsky, Daniel"]
[Black "Gonzalez, Renier"]
[Result "0-1"]
[WhiteElo "2531"]
[BlackElo "2472"]
[PlyCount "104"]
[EventDate "2013.11.05"]
[EventType "team-k.o."]
[EventRounds "3"]
[EventCountry "USA"]
[SourceTitle "EXT 2015"]
[Source "ChessBase"]
[SourceDate "2014.11.20"]
[SourceVersion "1"]
[SourceVersionDate "2014.11.20"]
[SourceQuality "1"]
[WhiteTeam "San Francisco"]
[BlackTeam "Miami"]
[WhiteTeamCountry "USA"]
[BlackTeamCountry "USA"]

1. e4 g6 2. d4 Bg7 3. Nc3 c6 4. Bc4 d6 5. Qf3 e6 6. Nge2 Nd7 7. 0-0 Ngf6 8. Bg5 Qc7 9. Bb3 0-0 10. a4 a5 11. Rad1 Rb8 12. d5 exd5 13. exd5 h6 14. Bf4 Ne5 15. Bxe5 dxe5 16. d6 Qb6 17. h3 Kh7 18. Qe3 Nd7 19. Qxb6 Nxb6 20. Ne4 Nd7 21. g4 f5 22. gxf5 gxf5 23. N4g3 Nc5 24. Nh5 f4 25. Nxg7 Kxg7 26. Kh2 Bf5 27. Nc3 Rbd8 28. Rd2 Rd7 29. f3 Kf6 30. Bc4 Rfd8 31. Rfd1 b6 32. h4 Nb7 33. Ba6 Rxd6 34. Rxd6+ Nxd6 35. Bd3 Nb7 36. Rg1 Nc5 37. Bxf5 Rd2+ 38. Kh3 Kxf5 39. Rg8 Rf2 40. Rf8+ Kg6 41. Rc8 Rxf3+ 42. Kg2 Rg3+ 43. Kf2 Kf5 44. Rxc6 Rg6 45. Rc8 Ne4+ 46. Nxe4 Kxe4 47. b4 axb4 48. Rc4+ Kf5 49. Rxb4 e4 50. h5 e3+ 51. Kf1 Rd6 52. Ke1 f3 0-1

[Event "USA tt"]
[Site "ICC INT"]
[Date "2010.10.11"]
[Round "8"]
[White "Kretchetov, Alexandre"]
[Black "Gonzalez, Renier"]
[Result "1/2-1/2"]
[WhiteElo "2391"]
[BlackElo "2478"]
[PlyCount "81"]
[EventDate "2010.08.23"]
[EventType "team"]
[EventRounds "10"]
[EventCountry "USA"]
[SourceTitle "CBM 138 Extra"]
[Source "ChessBase"]
[SourceDate "2010.10.29"]
[SourceVersion "1"]
[SourceVersionDate "2010.10.29"]
[SourceQuality "1"]

1. Nf3 d5 2. d4 c6 3. c4 Nf6 4. e3 a6 5. Bd3 e6 6. 0-0 dxc4 7. Bxc4 c5 8. Bb3 Be7 9. Qe2 cxd4 10. exd4 Nc6 11. Rd1 0-0 12. Nc3 Nb4 13. Bg5 Nbd5 14. Rac1 Nxc3 15. Rxc3 Nd5 16. Bxd5 Bxg5 17. Be4 Bf6 18. Ne5 g6 19. g3 Rb8 20. h4 Qd6 21. Bf3 Bd7 22. h5 Rfd8 23. hxg6 hxg6 24. Qe3 Ba4 25. b3 Be8 26. Kg2 Bg7 27. g4 b6 28. g5 Rbc8 29. Rxc8 Rxc8 30. Ng4 Bc6 31. Nf6+ Bxf6 32. gxf6 Bxf3+ 33. Qxf3 Rd8 34. Qe4 Qd5 35. Qxd5 Rxd5 36. Rc1 g5 37. Rc6 Rb5 38. Rc7 Rd5 39. Rc6 Rb5 40. Rc7 Rd5 41. Rc6 1/2-1/2

[Event "Las Vegas National op"]
[Site "Las Vegas"]
[Date "2010.06.12"]
[Round "4"]
[White "Formanek, Edward W"]
[Black "Gonzalez, Renier"]
[Result "1/2-1/2"]
[WhiteElo "2241"]
[BlackElo "2485"]
[PlyCount "56"]
[EventDate "2010.06.11"]
[EventType "swiss"]
[EventRounds "6"]
[EventCountry "USA"]
[SourceTitle "CBM 136 Extra"]
[Source "ChessBase"]
[SourceDate "2010.07.02"]
[SourceVersion "2"]
[SourceVersionDate "2010.07.15"]
[SourceQuality "1"]

1. d4 d5 2. c4 c6 3. Nc3 Nf6 4. Nf3 a6 5. e3 b5 6. b3 Bg4 7. Be2 e6 8. 0-0 Nbd7 9. Bb2 Be7 10. h3 Bh5 11. Ne5 Bxe2 12. Nxe2 Nxe5 13. dxe5 Nd7 14. Qd2 0-0 15. cxd5 cxd5 16. Rfc1 Qb8 17. f4 Nc5 18. Ng3 Rc8 19. Bd4 Qb7 20. Rc2 Rc6 21. Rac1 Rac8 22. Kh2 g6 23. Qd1 h5 24. Ne2 Kf8 25. g4 hxg4 26. hxg4 Ne4 27. Rxc6 Rxc6 28. Rxc6 Qxc6 1/2-1/2

[Event "World op 36th"]
[Site "Philadelphia"]
[Date "2008.07.05"]
[Round "6"]
[White "Gonzalez, Renier"]
[Black "Izoria, Zviad"]
[Result "1/2-1/2"]
[WhiteElo "2507"]
[BlackElo "2629"]
[PlyCount "71"]
[EventDate "2008.07.02"]
[EventType "swiss"]
[EventRounds "9"]
[EventCountry "USA"]
[SourceTitle "CBM 125 Extra"]
[Source "ChessBase"]
[SourceDate "2008.09.01"]
[SourceVersion "1"]
[SourceVersionDate "2008.09.01"]
[SourceQuality "1"]

1. e4 e6 2. d3 d5 3. Qe2 dxe4 4. dxe4 e5 5. Nf3 c6 6. c3 Qc7 7. Qc2 Nf6 8. Bg5 Be7 9. Bc4 Nbd7 10. 0-0 b5 11. Be2 a6 12. a4 Bb7 13. axb5 cxb5 14. Nbd2 0-0 15. Rfe1 Bc5 16. Bd3 h6 17. Bh4 Rac8 18. Rac1 Qb6 19. Qb1 a5 20. Bg3 Nh5 21. b4 axb4 22. cxb4 Bd6 23. Rxc8 Rxc8 24. Qb2 Nxg3 25. hxg3 Nf6 26. Nf1 Qc7 27. N3d2 Ng4 28. Nh2 h5 29. Nxg4 hxg4 30. Bxb5 Qc2 31. Rb1 Bxe4 32. Bd7 Rd8 33. Bxg4 Bc7 34. Nxe4 Qxe4 35. Bf3 Qd4 36. Qxd4 1/2-1/2

[Event "World op 36th"]
[Site "Philadelphia"]
[Date "2008.07.04"]
[Round "5"]
[White "Stocek, Jiri"]
[Black "Gonzalez, Renier"]
[Result "1/2-1/2"]
[WhiteElo "2559"]
[BlackElo "2507"]
[PlyCount "82"]
[EventDate "2008.07.02"]
[EventType "swiss"]
[EventRounds "9"]
[EventCountry "USA"]
[SourceTitle "CBM 125 Extra"]
[Source "ChessBase"]
[SourceDate "2008.09.01"]
[SourceVersion "1"]
[SourceVersionDate "2008.09.01"]
[SourceQuality "1"]

1. d4 d5 2. c4 c6 3. Nf3 Nf6 4. Nc3 a6 5. a4 Bf5 6. Qb3 Ra7 7. a5 e6 8. c5 Nbd7 9. Bf4 h6 10. h3 Be7 11. e3 0-0 12. Be2 Ne4 13. 0-0 Ng5 14. Ne5 Nxe5 15. Bxe5 Ne4 16. Qb6 Qa8 17. Na4 Nf6 18. Qb3 Qd8 19. Nb6 Ne8 20. Bd3 Bxd3 21. Qxd3 Nc7 22. Bxc7 Qxc7 23. e4 dxe4 24. Qxe4 Bf6 25. Rad1 Rd8 26. Rd3 g6 27. Rfd1 Kg7 28. b4 h5 29. h4 Qe7 30. g3 Qc7 31. Rf3 Raa8 32. Nxa8 Rxa8 33. Rdd3 Rd8 34. Rf4 Rd7 35. Rdf3 Bxd4 36. Qxd4+ Rxd4 37. Rxd4 e5 38. Rd6 e4 39. Re3 Qe7 40. Re1 Kh6 41. Kf1 f5 1/2-1/2

[Event "World op 36th"]
[Site "Philadelphia"]
[Date "2008.07.02"]
[Round "1"]
[White "Melekhina, Alisa"]
[Black "Gonzalez, Renier"]
[Result "1/2-1/2"]
[WhiteElo "2265"]
[BlackElo "2507"]
[PlyCount "72"]
[EventDate "2008.07.02"]
[EventType "swiss"]
[EventRounds "9"]
[EventCountry "USA"]
[SourceTitle "CBM 125 Extra"]
[Source "ChessBase"]
[SourceDate "2008.09.01"]
[SourceVersion "1"]
[SourceVersionDate "2008.09.01"]
[SourceQuality "1"]

1. e4 d5 2. exd5 Qxd5 3. Nc3 Qa5 4. d4 Nf6 5. Bc4 c6 6. Bd2 Qb6 7. Bc1 Bg4 8. f3 Bf5 9. Nge2 e6 10. Bb3 Bd6 11. Bf4 Bxf4 12. Nxf4 h6 13. Qd2 Nbd7 14. Nfe2 0-0-0 15. 0-0-0 Qc7 16. Qf4 Qa5 17. Ng3 Bg6 18. Nge4 Qc7 19. Qxc7+ Kxc7 20. Rhe1 Nd5 21. Nxd5+ cxd5 22. Nf2 Kd6 23. c3 b5 24. Bc2 Bxc2 25. Kxc2 a5 26. Nd3 Rb8 27. a3 Rhc8 28. Kd2 Nb6 29. Ke2 Nc4 30. Kf2 a4 31. Re2 Re8 32. f4 f6 33. Rde1 Re7 34. g3 Rbe8 35. Kf3 Rf8 36. Kg2 Rfe8 1/2-1/2

[Event "Miami op"]
[Site "Miami"]
[Date "2007.09.29"]
[Round "7"]
[White "Adu, Oladapo"]
[Black "Gonzalez, Renier"]
[Result "0-1"]
[WhiteElo "2294"]
[BlackElo "2456"]
[PlyCount "54"]
[EventDate "2007.09.26"]
[EventType "swiss"]
[EventRounds "9"]
[EventCountry "USA"]
[SourceTitle "CBM 120 Extra"]
[Source "ChessBase"]
[SourceDate "2007.11.01"]
[SourceVersion "1"]
[SourceVersionDate "2007.11.01"]
[SourceQuality "1"]

1. Nf3 d5 2. g3 c6 3. Bg2 Bg4 4. d3 Nd7 5. Nbd2 e6 6. 0-0 Ngf6 7. e4 dxe4 8. dxe4 Be7 9. Qe2 0-0 10. h3 Bh5 11. a4 e5 12. Rd1 Qc7 13. g4 Bg6 14. Nh4 Rfe8 15. a5 Nc5 16. Nf5 Rad8 17. Re1 Ne6 18. Qc4 h5 19. f3 hxg4 20. fxg4 b5 21. axb6 axb6 22. Nf3 b5 23. Qf1 Bxf5 24. exf5 Bc5+ 25. Kh1 Nf4 26. Rxe5 Nxg2 27. Rxc5 Ne4 0-1

[Event "Barcelona Sants op 09th"]
[Site "Barcelona"]
[Date "2007.08.31"]
[Round "8"]
[White "Narciso Dublan, Marc"]
[Black "Gonzalez, Renier"]
[Result "1/2-1/2"]
[WhiteElo "2552"]
[BlackElo "2456"]
[PlyCount "198"]
[EventDate "2007.08.24"]
[EventType "swiss"]
[EventRounds "10"]
[EventCountry "ESP"]
[SourceTitle "CBM 120 Extra"]
[Source "ChessBase"]
[SourceDate "2007.11.01"]
[SourceVersion "1"]
[SourceVersionDate "2007.11.01"]
[SourceQuality "1"]

1. d4 d5 2. c4 c6 3. Nc3 Nf6 4. e3 a6 5. Nf3 b5 6. b3 Bg4 7. h3 Bh5 8. g4 Bg6 9. Ne5 e6 10. c5 Nfd7 11. Nxg6 hxg6 12. b4 a5 13. bxa5 e5 14. Bg2 Be7 15. Bd2 Rxa5 16. a4 bxa4 17. Rxa4 Rxa4 18. Qxa4 Bg5 19. dxe5 0-0 20. Qd4 Qe7 21. 0-0 Qxc5 22. f4 Be7 23. Rb1 Qa3 24. Qa4 g5 25. Qxa3 Bxa3 26. Na4 gxf4 27. exf4 g5 28. Ra1 Be7 29. Re1 gxf4 30. Bxf4 Na6 31. e6 Ndc5 32. Nxc5 Bxc5+ 33. Be3 fxe6 34. Bxc5 Nxc5 35. Rc1 Nd3 36. Rxc6 Nf4 37. h4 Kf7 38. Kh2 Kf6 39. g5+ Ke5 40. Rc1 Rh8 41. Re1+ Kd6 42. Bf3 Nd3 43. Re3 Rxh4+ 44. Kg3 Rd4 45. g6 Ke7 46. g7 Kf7 47. Rxe6 Kxg7 48. Rd6 Nb4 49. Kf2 Kf7 50. Bxd5+ Nxd5 51. Kf3 Ke7 52. Rg6 Nf6 53. Ke3 Ra4 54. Rg5 Ke6 55. Kf3 Nd7 56. Rg8 Kf5 57. Ke3 Nf6 58. Rb8 Ng4+ 59. Kd3 Ne5+ 60. Kc3 Rc4+ 61. Kb3 Rc7 62. Rh8 Nf3 63. Re8 Nd4+ 64. Kb4 Rc1 65. Rh8 Nc6+ 66. Kb3 Ke4 67. Rh4+ Kd5 68. Rh5+ Ne5 69. Rh8 Nf3 70. Kb4 Rc4+ 71. Ka5 Ne5 72. Kb5 Rc5+ 73. Kb4 Nc6+ 74. Ka3 Kc4 75. Rh4+ Nd4 76. Rh8 Rb5 77. Rc8+ Kd3 78. Rh8 Rb7 79. Rc8 Ne6 80. Rc6 Nf4 81. Rd6+ Kc4 82. Rc6+ Kd5 83. Rc3 Ne6 84. Rb3 Ra7+ 85. Kb2 Nc5 86. Rh3 Kd4 87. Rh4+ Ne4 88. Rh8 Rg7 89. Kb3 Nc5+ 90. Kb4 Rb7+ 91. Ka5 Ne6 92. Rh4+ Kc5 93. Rh5+ Kc4 94. Rh4+ Nd4 95. Ka6 Rb1 96. Rh8 Ne6 97. Ka7 Nc5 98. Rh4+ Kb5 99. Rh2 Kc6 1/2-1/2

[Event "Banyoles op 10th"]
[Site "Banyoles"]
[Date "2007.08.24"]
[Round "9"]
[White "Gonzalez, Renier"]
[Black "Gonzalez Garcia, Jose Angel"]
[Result "1/2-1/2"]
[WhiteElo "2456"]
[BlackElo "1914"]
[PlyCount "22"]
[EventDate "2007.08.16"]
[EventType "swiss"]
[EventRounds "9"]
[EventCountry "ESP"]
[SourceTitle "CBM 119 Extra"]
[Source "ChessBase"]
[SourceDate "2007.09.04"]
[SourceVersion "1"]
[SourceVersionDate "2007.09.04"]
[SourceQuality "1"]

1. e4 e5 2. Nf3 Nc6 3. Bb5 a6 4. Bxc6 dxc6 5. d4 exd4 6. Qxd4 Qxd4 7. Nxd4 Bd7 8. Be3 0-0-0 9. f3 Ne7 10. Nd2 c5 11. Ne2 b6 1/2-1/2